00983nam a2200229 a 450000100100000000500170001000800410002702000150006804000250008308200210010810000370012924500760016626000370024250000650027959000260034465000530037065000310042391000380045495201190049295201250061199900170073600004139320240412074301.0131001s2003 dr r 001 p spa d a9993455393 aDO-SdBNPbspacBNPHU aRD861.509bM798p1 aMontolío, Julio,d1943-96804510aPoesigrafía :balgunas técnicas de la poesía /cJulio Montolío. aSanto Domingo :bCiguapa,c2003. aIncluye datos biografícos del autor en la contracubierta . aInventariado, 2018/BT 4aPoesía dominicanaxHistoria y crítica913072 0aLiteratura dominicana.967 aValidado. Control de calidad. EMS 0010718PDaPDbPDcHDd2013-10-01iLF1l0oRD861.509 M798pp41393-10r2020-06-25w2020-06-25yLFPDZNo se presta 0011718PDaPDbPDcMId2018-07-16iLF1l0oRD861.509 M798pp41393-20r2020-06-25te. 2w2020-06-25yLFPDZNo se presta c40883d40883